قا ضی مشتا ق ا حمد کے افسا نو ں کا تنقيد ی و تجز يا تی مطا لعہ (Record no. 164634)

MARC details
000 -LEADER
fixed length control field 00780nam a22001937a 4500
005 - DATE AND TIME OF LATEST TRANSACTION
control field 20190523154801.0
010 ## - LCCN (DPL NO)
LC control number UR-10146
020 ## - INTERNATIONAL STANDARD BOOK NUMBER
Terms of availability 300.00
International Standard Book Number 9789387829138
035 ## - SYSTEM CONTROL NUMBER
System control number U-8701
037 ## - SOURCE OF ACQUISITION
Source of stock number/acquisition DBAD/PUB
082 ## - DEWEY DECIMAL CLASSIFICATION NUMBER
Classification number 840.08
100 ## - MAIN ENTRY--PERSONAL NAME
Personal name ا يم اے قد ير
245 ## - TITLE STATEMENT
Title قا ضی مشتا ق ا حمد کے افسا نو ں کا تنقيد ی و تجز يا تی مطا لعہ
Statement of responsibility, etc ا يم اے قد ير
246 ## - VARYING FORM OF TITLE
Remainder of title Qazi Mushtaque Ahmed Ke Afsanon Ka Tanqidi Wa Tajaziati Mutalea (Urdu)
Title proper/short title by Dr.M.A.Qadeer
260 ## - PUBLICATION, DISTRIBUTION, ETC. (IMPRINT)
Place of publication, distribution, etc Delhi
Name of publisher, distributor, etc Educational Publishing House
Date of publication, distribution, etc 2017 ء
270 ## - ADDRESS
Address 3191،Vakil Street,Kucha Pandit,Lal Kuan,
City Delhi
Postal code 110006
Telephone number 23216162
Fax number 00911123211540
300 ## - PHYSICAL DESCRIPTION
Extent 180ص
Dimensions 22 Cm.(bk)
942 ## - ADDED ENTRY ELEMENTS (KOHA)
Source of classification or shelving scheme Dewey Decimal Classification
Item type Urdu Bks
Classification part 840.08
Call number suffix ق د ی

No items available.


© Delhi Public Library
Hit Counter
free hit counter